El control total de la calidad (Registro nro. 2709)

Detalles MARC
000 -LEADER
fixed length control field 01118 a2200205 4500
001 - CONTROL NUMBER
control field 37129
005 - DATE AND TIME OF LATEST TRANSACTION
control field 20260407155641.0
008 - FIXED-LENGTH DATA ELEMENTS--GENERAL INFORMATION
fixed length control field 260407a1991 arg spa d
003 - CONTROL NUMBER IDENTIFIER
control field AR-UNSa-BCEJYS
040 ## - CATALOGING SOURCE
Original cataloging agency AR-UNSa-BCEJYS
Language of cataloging spa
Transcribing agency AR-UNSa-BCEJYS
080 ## - UNIVERSAL DECIMAL CLASSIFICATION NUMBER
Universal Decimal Classification number 658.56
Common auxiliary subdivision Control de la calidad. Control de herramientas y material
020 ## - INTERNATIONAL STANDARD BOOK NUMBER
International Standard Book Number 958-653-017-5
100 1# - MAIN ENTRY--PERSONAL NAME
Personal name Gomez Saavedra, Eduardo
245 10 - TITLE STATEMENT
Title El control total de la calidad
Name of part/section of a work como estrategia de comercialización
264 #1 - PRODUCTION, PUBLICATION, DISTRIBUTION, MANUFACTURE, AND COPYRIGHT NOTICE
Place of production, publication, distribution, manufacture Colombia :
Name of producer, publisher, distributor, manufacturer Legis
Date of production, publication, distribution, manufacture, or copyright notice 1991
300 ## - PHYSICAL DESCRIPTION
Extent 350 p.
Dimensions 24 cm.
505 ## - FORMATTED CONTENTS NOTE
Formatted contents note 1. Desarrollo integral y calidad - 2. Calidad y comercio interncional - 3. Integración, desarrollo y calidad - 4. Investigación sobre la calidad en el grupo andino - 5. Investigación y calidad en el mercado - 6. El control total de la calidad - 7. La calidad como modelo de gestión gerencial - 8. El sistema participativo en la gestión gerencial - 9. Calidad de diseño - 10. Calidad y análisis del valor - 11. La normzalización en la empresa - 12. Certificación y garantía de calidad.
590 ## - LOCAL NOTE (RLIN)
Local note niveau_biblio:m niveau_hierar:0
942 ## - ADDED ENTRY ELEMENTS (KOHA)
Koha item type
Existencias
Withdrawn status Lost status Damaged status Not for loan Home library Current library Shelving location Date acquired Total checkouts Full call number Barcode Date last seen Price effective from Koha item type
        Biblioteca Prof. Eusebio Cleto del Rey Biblioteca Prof. Eusebio Cleto del Rey   07/04/2026   658.56 G633 L86770 07/04/2026 07/04/2026 Libro